| 000 | 00845nam a2200253 a 4500 | ||
|---|---|---|---|
| 001 | BRCA_938 | ||
| 005 | 20190320203219.0 | ||
| 008 | 950306s1991 mx-a---##b---#000-0bspa-# | ||
| 020 | _a9683905099 | ||
| 040 |
_aDLC _cDLC _dDLC |
||
| 041 |
_aspa _hita |
||
| 050 | 4 |
_aE111 _b.T38 1991 |
|
| 100 | 1 |
_aTaviani, Paolo Emilio _93100 |
|
| 245 | 1 | 0 |
_aCristóbal Colón _bdos polémicas _cPaolo Emilio Taviani ; coordinación y traducción de Giuliana Dal Piaz. |
| 260 |
_aMéxico _bNueva Imagen _c1991 |
||
| 300 |
_a117, xiii p. _bil. _c19 cm. |
||
| 504 | _aBibliografía: p. i-xiii | ||
| 600 | 1 | 4 |
_aColumbus, Christopher _93101 |
| 650 | 1 | 4 |
_aExploradores _xBiografía _zAmérica _93102 |
| 650 | 1 | 4 |
_aExploradores _xBiografía _zEspaña _93103 |
| 651 | 4 |
_aAmérica _xDescubrimiento y exploración _9584 |
|
| 700 | 1 |
_aDal Piaz, Giuliana _93104 |
|
| 942 |
_2lcc _cB |
||
| 999 |
_c827 _d827 |
||